Linear programming: methods and applications
Uloženo v:
| Hlavní autor: | |
|---|---|
| Médium: | Kniha |
| Jazyk: | angličtina |
| Vydáno: |
Nueva York
McGraw-Hill
1964
|
| Vydání: | 2a. ed |
| Témata: | |
| Tagy: |
Přidat tag
Žádné tagy, Buďte první, kdo vytvoří štítek k tomuto záznamu!
|
MARC
| LEADER | 00000nam a2200000 a 4500 | ||
|---|---|---|---|
| 001 | UCU3268 | ||
| 003 | CL-VaPUC | ||
| 008 | 960502e19640000US |||||||||||||||||eng|d | ||
| 082 | 0 | 4 | |a 519.72 |b GAS |2 21 |
| 100 | |a Gass, Saul I |e author |9 592709 | ||
| 245 | 1 | 0 | |a Linear programming: methods and applications |
| 250 | |a 2a. ed | ||
| 300 | |a 280 p | ||
| 942 | |c BK | ||
| 945 | |d 19960502 00:00:00 |a lriquelm | ||
| 260 | |a Nueva York |b McGraw-Hill |c 1964 | ||
| 650 | 0 | |a Programación lineal |9 23 | |
| 650 | 0 | |a Programación matemática |9 260785 | |
| 650 | 0 | |a Matrices |9 22 | |
| 650 | 7 | |a DETERMINANTES |2 CL-VaPUC |9 360139 | |
| 583 | |a last modification |c 19960502 00:00:00 |k Rodrigo Vera | ||
| 999 | |c 247338 |d 247336 | ||
| 952 | |0 0 |1 0 |4 0 |6 519_720000000000000_GAS_1964 |7 0 |8 A |9 263197 |a BIBING |b BIBING |d 2019-11-19 |i 1653938 |o 519.72 GAS 1964 |p 1653938 |r 2023-03-02 |w 2019-11-19 |y BK |k EII | ||